100 Things to know about music / (Record no. 48237)
| 000 -LEADER | |
|---|---|
| fixed length control field | 00376nam a2200121 4500 |
| 020 ## - INTERNATIONAL STANDARD BOOK NUMBER | |
| International Standard Book Number | 9781474996730 |
| 100 ## - MAIN ENTRY--PERSONAL NAME | |
| Personal name | Martin, Jerome, |
| Relator term | author. |
| 9 (RLIN) | 73341 |
| 245 ## - TITLE STATEMENT | |
| Title | 100 Things to know about music / |
| Statement of responsibility, etc | written by Jerome Martin, Illustrated by Federio Mariani. |
| 260 ## - PUBLICATION, DISTRIBUTION, ETC. (IMPRINT) | |
| Place of publication, distribution, etc | UAE : |
| Name of publisher, distributor, etc | Usborne ; |
| Date of publication, distribution, etc | 2022. |
| 300 ## - PHYSICAL DESCRIPTION | |
| Extent | 127 pages. |
| 490 ## - SERIES STATEMENT | |
| Series statement | 100 Things to know about |
| 942 ## - ADDED ENTRY ELEMENTS (KOHA) | |
| Source of classification or shelving scheme | |
| Koha item type | Book |
| Withdrawn status | Lost status | Source of classification or shelving scheme | Damaged status | Not for loan | Home library | Current library | Date acquired | Total Checkouts | Full call number | Barcode | Checked out | Date last seen | Date checked out | Price effective from | Koha item type |
|---|---|---|---|---|---|---|---|---|---|---|---|---|---|---|---|
| Logos International School | Logos International School | 01/28/2025 | 11 | J 780 MAR | 040292 | 05/04/2026 | 04/24/2026 | 04/24/2026 | 01/28/2025 | Book |